[Event "BRA-ch 90th"]
[Site "Natal"]
[Date "2024.12.17"]
[Round "7"]
[White "Souza, Marcos Valerio"]
[Black "Madeira, Wagner Martins"]
[Result "1/2-1/2"]
[WhiteElo "1961"]
[BlackElo "2111"]
[PlyCount "31"]
[EventDate "2024.12.13"]
[EventType "swiss"]
[EventRounds "11"]
[EventCountry "BRA"]
[SourceTitle "CB52_2024"]
[SourceDate "2024.12.25"]
[SourceVersion "1"]
[SourceVersionDate "2024.12.25"]
[SourceQuality "1"]

1. Nf3 Nf6 2. d4 g6 3. c4 Bg7 4. Nc3 0-0 5. g3 d6 6. Bg2 c6 7. 0-0 Qa5 8. e4 e5 9. d5 c5 10. Bd2 a6 11. Qc2 Ne8 12. Ne1 Qd8 13. a3 b5 14. b3 Nc7 15. Nd3 Nd7 16. Nb2 1/2-1/2

[Event "BRA-ch 90th"]
[Site "Natal"]
[Date "2024.12.15"]
[Round "4"]
[White "Madeira, Wagner Martins"]
[Black "Matsuura, Everaldo"]
[Result "1/2-1/2"]
[WhiteElo "2111"]
[BlackElo "2370"]
[PlyCount "20"]
[EventDate "2024.12.13"]
[EventType "swiss"]
[EventRounds "11"]
[EventCountry "BRA"]
[SourceTitle "CB52_2024"]
[SourceDate "2024.12.25"]
[SourceVersion "1"]
[SourceVersionDate "2024.12.25"]
[SourceQuality "1"]

1. e4 c5 2. Nf3 Nc6 3. c3 d5 4. exd5 Qxd5 5. Na3 Nf6 6. Bc4 Qd8 7. 0-0 e6 8. Nc2 Be7 9. d4 0-0 10. Bg5 cxd4 1/2-1/2

[Event "BRA-ch 90th"]
[Site "Natal"]
[Date "2024.12.15"]
[Round "5"]
[White "Prado Oliveira, Fellipe"]
[Black "Madeira, Wagner Martins"]
[Result "0-1"]
[WhiteElo "1854"]
[BlackElo "2111"]
[PlyCount "122"]
[EventDate "2024.12.13"]
[EventType "swiss"]
[EventRounds "11"]
[EventCountry "BRA"]
[SourceTitle "CB52_2024"]
[SourceDate "2024.12.25"]
[SourceVersion "1"]
[SourceVersionDate "2024.12.25"]
[SourceQuality "1"]

1. Nf3 Nf6 2. g3 g6 3. Bg2 Bg7 4. 0-0 0-0 5. c4 d6 6. d4 Nc6 7. Nc3 Bg4 8. h3 Bxf3 9. Bxf3 Nd7 10. Bg2 Nxd4 11. Bxb7 Rb8 12. Bg2 Rb4 13. e3 Ne6 14. Qe2 Nb6 15. Nd5 Nxd5 16. cxd5 Nc5 17. Rb1 Qb8 18. Qc2 Qb5 19. Rd1 Rc4 20. Qe2 Rb4 21. Bf1 Qxe2 22. Bxe2 Na4 23. Bd2 Rxb2 24. Rxb2 Bxb2 25. Rb1 Bc3 26. Bc1 Ba5 27. Bd1 Nc3 28. Bd2 Nxb1 29. Bxa5 Rb8 30. Bb3 Rb7 31. Kf1 Na3 32. Ke2 Kf8 33. Kd3 Ke8 34. Ba4+ Kd8 35. Bc3 Rb1 36. Bb3 a6 37. Ke4 Nb5 38. Bg7 Na7 39. Bd4 Nc8 40. Kf4 Nb6 41. Kg5 Rf1 42. f4 h5 43. g4 hxg4 44. hxg4 Kd7 45. Bxb6 cxb6 46. Bc4 Rf3 47. Bxa6 Rxe3 48. Bb5+ Kd8 49. f5 gxf5 50. gxf5 Ra3 51. Bc4 Rc3 52. Bb3 b5 53. Kf4 Kc7 54. Ke4 Kb6 55. Kd4 Rf3 56. Ke4 Rf2 57. Bd1 Rxa2 58. f6 exf6 59. Bh5 Kc5 60. Bxf7 Ra3 61. Kf5 b4 0-1

[Event "BRA-ch 90th"]
[Site "Natal"]
[Date "2024.12.13"]
[Round "2"]
[White "Madeira, Wagner Martins"]
[Black "Fontoura, Alexandre Souza"]
[Result "1-0"]
[WhiteElo "2111"]
[BlackElo "1884"]
[PlyCount "51"]
[EventDate "2024.12.13"]
[EventType "swiss"]
[EventRounds "11"]
[EventCountry "BRA"]
[SourceTitle "CB52_2024"]
[SourceDate "2024.12.25"]
[SourceVersion "1"]
[SourceVersionDate "2024.12.25"]
[SourceQuality "1"]

1. e4 e6 2. d4 d5 3. Nc3 dxe4 4. Nxe4 Nf6 5. Nxf6+ Qxf6 6. Nf3 h6 7. Bd3 Bd6 8. 0-0 0-0 9. Qe2 Re8 10. Qe4 Nc6 11. Re1 Nb4 12. Qh7+ Kf8 13. Be4 c6 14. c4 g5 15. h4 Bf4 16. hxg5 hxg5 17. a3 Na6 18. Qh5 Bxc1 19. Raxc1 Rd8 20. Nxg5 Ke7 21. Nh7 Qg7 22. d5 Nc5 23. d6+ Kxd6 24. Rcd1+ Kc7 25. Rxd8 Nxe4 26. Rf8 1-0

[Event "Florianopolis op 10th"]
[Site "Florianopolis"]
[Date "2024.01.21"]
[Round "2"]
[White "Godinho, Bruno Cesar Ferreir"]
[Black "Madeira, Wagner Martins"]
[Result "0-1"]
[WhiteElo "1802"]
[BlackElo "2122"]
[PlyCount "56"]
[EventDate "2024.01.20"]
[EventType "swiss"]
[EventRounds "10"]
[EventCountry "BRA"]
[SourceTitle "CBM 218 Extra"]
[Source "ChessBase"]
[SourceDate "2024.03.31"]
[SourceVersion "1"]
[SourceVersionDate "2024.03.31"]
[SourceQuality "1"]

1. d4 Nf6 2. Nc3 d6 3. e4 g6 4. g3 Bg7 5. Bg2 0-0 6. Nge2 e5 7. dxe5 dxe5 8. Qxd8 Rxd8 9. Bg5 c6 10. 0-0 Na6 11. h3 h6 12. Be3 b6 13. a3 Bb7 14. Rfd1 Nc7 15. Rxd8+ Rxd8 16. Rd1 Rxd1+ 17. Nxd1 Ne6 18. c4 Ba6 19. b3 Bf8 20. Ndc3 Bxa3 21. Bxh6 Bc5 22. Bd2 Nd4 23. Nxd4 Bxd4 24. Ne2 Bb2 25. Bc3 Bxc3 26. Nxc3 Kf8 27. Bf1 Bc8 28. g4 g5 0-1

[Event "Wch Seniors 65 31st"]
[Site "Terassini"]
[Date "2023.11.05"]
[Round "11"]
[White "Nunn, John DM"]
[Black "Madeira, Wagner Martins"]
[Result "1-0"]
[WhiteElo "2560"]
[BlackElo "2012"]
[PlyCount "65"]
[EventDate "2023.10.25"]
[EventType "swiss"]
[EventRounds "11"]
[EventCountry "ITA"]
[SourceTitle "CBM 217 Extra"]
[Source "ChessBase"]
[SourceDate "2024.01.31"]
[SourceVersion "1"]
[SourceVersionDate "2024.01.31"]
[SourceQuality "1"]

1. e4 e5 2. Nf3 Nc6 3. Bb5 Nf6 4. d3 Bc5 5. Bxc6 dxc6 6. Nbd2 Be6 7. 0-0 Qd6 8. Nb3 Bxb3 9. axb3 0-0 10. Nh4 Qe6 11. h3 Ne8 12. Kh1 f6 13. Nf5 Nd6 14. Be3 Bb6 15. Qg4 Nxf5 16. exf5 Qf7 17. Ra4 Rfd8 18. Re4 Rd5 19. Qf3 Rad8 20. g4 h6 21. h4 Kf8 22. Kg2 Ke7 23. g5 Rg8 24. g6 Qe8 25. c4 Rxd3 26. c5 Qd7 27. cxb6 axb6 28. b4 Ra8 29. Rc4 Ra2 30. Rb1 Kd8 31. Qe4 Qd5 32. Qxd5+ Rxd5 33. Bxh6 1-0

[Event "Caioba op 7th"]
[Site "Caioba"]
[Date "2023.06.19"]
[Round "3"]
[White "Madeira, Wagner Martins"]
[Black "Kolomwe, Willian"]
[Result "1/2-1/2"]
[WhiteElo "2027"]
[BlackElo "1636"]
[PlyCount "75"]
[EventDate "2023.06.18"]
[EventType "swiss"]
[EventRounds "9"]
[EventCountry "BRA"]
[SourceTitle "CBM 214 Extra"]
[Source "ChessBase"]
[SourceDate "2023.07.31"]
[SourceVersion "1"]
[SourceVersionDate "2023.07.31"]
[SourceQuality "1"]

1. e4 d6 2. d4 Nf6 3. Nc3 g6 4. f4 Bg7 5. Nf3 0-0 6. e5 Nfd7 7. h4 c5 8. h5 cxd4 9. Qxd4 Nc6 10. Qf2 dxe5 11. hxg6 Nf6 12. fxe5 Ng4 13. Qh4 h6 14. gxf7+ Rxf7 15. Bc4 Ncxe5 16. Nxe5 Nxe5 17. Bxf7+ Nxf7 18. Bd2 Bf5 19. 0-0-0 Qb6 20. Qxe7 Bh7 21. Rdf1 Qg6 22. Qxf7+ Qxf7 23. Rxf7 Kxf7 24. Bxh6 Bxc3 25. bxc3 Be4 26. Be3 Bxg2 27. Rh7+ Ke6 28. Kb2 a6 29. Bd4 Rf8 30. Rh6+ Kd5 31. Rh5+ Kc6 32. Rg5 Be4 33. a4 Kc7 34. a5 Bc6 35. Ba7 Kd7 36. Rg7+ Ke6 37. Bd4 Rf5 38. Bb6 1/2-1/2

[Event "Pan American-ch Seniors 65"]
[Site "Lima"]
[Date "2023.04.26"]
[Round "1"]
[White "Merma, Isaias"]
[Black "Madeira, Wagner Martins"]
[Result "0-1"]
[WhiteElo "1569"]
[BlackElo "2040"]
[PlyCount "74"]
[EventDate "2023.04.26"]
[EventType "swiss"]
[EventRounds "9"]
[EventCountry "PER"]
[SourceTitle "CBM 214 Extra"]
[Source "ChessBase"]
[SourceDate "2023.07.31"]
[SourceVersion "1"]
[SourceVersionDate "2023.07.31"]
[SourceQuality "1"]

1. d4 Nf6 2. c4 c5 3. d5 e6 4. Nc3 exd5 5. Nxd5 Nxd5 6. Qxd5 Be7 7. Bd2 Nc6 8. Bc3 0-0 9. Nf3 d6 10. e3 Be6 11. Qd2 d5 12. cxd5 Qxd5 13. Qxd5 Bxd5 14. Be2 a6 15. 0-0 b5 16. Rfd1 Rfd8 17. b3 Be4 18. Ne1 Rxd1 19. Rxd1 Rd8 20. f3 Rxd1 21. Bxd1 Bb1 22. a4 b4 23. Bb2 Na5 24. Nc2 f5 25. Kf2 Kf7 26. g3 g6 27. e4 Ba2 28. Na1 c4 29. bxc4 Bc5+ 30. Ke1 fxe4 31. fxe4 Bxc4 32. Be2 b3 33. Bh8 Bxe2 34. Kxe2 Ba3 35. Nxb3 Nxb3 36. Kd3 Nc5+ 37. Kc4 Nxe4 0-1

[Event "Florianopolis op 9th"]
[Site "Florianopolis"]
[Date "2023.01.28"]
[Round "9"]
[White "Madeira, Wagner Martins"]
[Black "Cristino, Felipe Borges"]
[Result "1-0"]
[WhiteElo "2080"]
[BlackElo "1893"]
[PlyCount "71"]
[EventDate "2023.01.23"]
[EventType "swiss"]
[EventRounds "10"]
[EventCountry "BRA"]
[SourceTitle "CBM 212 Extra"]
[Source "ChessBase"]
[SourceDate "2023.03.31"]
[SourceVersion "1"]
[SourceVersionDate "2023.03.31"]
[SourceQuality "1"]

1. e4 c5 2. Nf3 Nc6 3. c3 Nf6 4. e5 Nd5 5. d4 d6 6. exd6 exd6 7. c4 Nf6 8. dxc5 dxc5 9. Qxd8+ Nxd8 10. Nc3 a6 11. Bg5 Be7 12. Bxf6 Bxf6 13. Nd5 0-0 14. 0-0-0 Be6 15. Nxf6+ gxf6 16. Nd2 Kg7 17. Ne4 Rc8 18. Ng3 Nc6 19. Nh5+ Kg6 20. Nf4+ Kg7 21. Bd3 Ne5 22. Nxe6+ fxe6 23. f4 Ng6 24. Bxg6 hxg6 25. Rd6 Rce8 26. Re1 e5 27. Rd7+ Rf7 28. Rxf7+ Kxf7 29. fxe5 fxe5 30. Re3 Ke6 31. Rb3 Re7 32. Kd2 Kf5 33. Ke3 Rh7 34. h3 Rh4 35. g4+ Kg5 36. Ke4 1-0

[Event "American Continental 15th"]
[Site "Sao Paulo"]
[Date "2019.07.13"]
[Round "11"]
[White "Haraguchi, Diego Sashaki"]
[Black "Madeira, Wagner Martins"]
[Result "0-1"]
[WhiteElo "1634"]
[BlackElo "2150"]
[PlyCount "44"]
[EventDate "2019.07.05"]
[EventType "swiss"]
[EventRounds "11"]
[EventCountry "BRA"]
[SourceTitle "CBM 191 Extra"]
[Source "ChessBase"]
[SourceDate "2019.09.30"]
[SourceVersion "1"]
[SourceVersionDate "2019.09.30"]
[SourceQuality "1"]

1. d4 c5 2. c4 cxd4 3. Qxd4 Nc6 4. Qc3 Nf6 5. Nf3 g6 6. Bg5 Bg7 7. Nbd2 0-0 8. Qc1 d5 9. cxd5 Nxd5 10. g3 h6 11. e4 hxg5 12. exd5 Qxd5 13. Bc4 Qa5 14. 0-0 g4 15. Nh4 Ne5 16. Bb3 g5 17. Ng2 Qxd2 18. Qc5 Qd6 19. Qe3 Qb6 20. Qe4 Qd4 21. Qc2 Nf3+ 22. Kh1 Qf6 0-1

[Event "Sao Paulo-chT"]
[Site "Sao Paulo"]
[Date "2019.03.10"]
[Round "7.4"]
[White "De Sousa, Rafaela Oliveira"]
[Black "Madeira, Wagner Martins"]
[Result "0-1"]
[WhiteElo "1114"]
[BlackElo "2150"]
[PlyCount "80"]
[EventDate "2019.02.23"]
[EventType "team-tourn"]
[EventRounds "7"]
[EventCountry "BRA"]
[SourceTitle "CBM 189 Extra"]
[Source "ChessBase"]
[SourceDate "2019.05.31"]
[SourceVersion "1"]
[SourceVersionDate "2019.05.31"]
[SourceQuality "1"]
[WhiteTeam "Sao Jose Medicina"]
[BlackTeam "Osasco"]
[WhiteTeamCountry "BRA"]
[BlackTeamCountry "BRA"]

1. e4 Nf6 2. Nc3 d5 3. d3 dxe4 4. dxe4 Qxd1+ 5. Nxd1 Nxe4 6. Bd3 Nc5 7. Nf3 Nxd3+ 8. cxd3 Bf5 9. d4 Nc6 10. 0-0 0-0-0 11. Be3 Be4 12. Ne5 Nxe5 13. dxe5 e6 14. Nc3 Bc6 15. Bg5 Rd7 16. Rad1 Bb4 17. Rxd7 Kxd7 18. Rd1+ Kc8 19. h3 h6 20. Be3 b6 21. a3 Be7 22. b4 Rd8 23. Rxd8+ Kxd8 24. f3 a5 25. b5 Bd5 26. a4 Bb4 27. Nxd5 exd5 28. Kf2 Bc5 29. Ke2 Bxe3 30. Kxe3 c6 31. bxc6 Kc7 32. Kd4 Kxc6 33. f4 b5 34. axb5+ Kxb5 35. Kc3 Kc5 36. f5 d4+ 37. Kc2 Kd5 38. e6 fxe6 39. fxe6 Kxe6 40. Kd3 Kd5 0-1

[Event "Florianopolis op 5th"]
[Site "Florianopolis"]
[Date "2019.01.27"]
[Round "10"]
[White "Cordioli, Jairo Ribeiro"]
[Black "Madeira, Wagner Martins"]
[Result "1/2-1/2"]
[WhiteElo "1872"]
[BlackElo "2170"]
[PlyCount "95"]
[EventDate "2019.01.21"]
[EventType "swiss"]
[EventRounds "10"]
[EventCountry "BRA"]
[SourceTitle "CBM 188 Extra"]
[Source "ChessBase"]
[SourceDate "2019.02.28"]
[SourceVersion "1"]
[SourceVersionDate "2019.02.28"]
[SourceQuality "1"]

1. d4 Nf6 2. Nf3 c5 3. d5 e6 4. Nc3 d6 5. e4 exd5 6. exd5 Bg4 7. Bb5+ Nbd7 8. 0-0 Be7 9. Bg5 0-0 10. h3 Bh5 11. Be2 Ne8 12. Bxe7 Qxe7 13. Re1 Qf6 14. Ne4 Qxb2 15. Rb1 Qxa2 16. Rxb7 Nb6 17. Nc3 Qa5 18. Qa1 Qxa1 19. Rxa1 Nf6 20. Raxa7 Rxa7 21. Rxa7 Nbxd5 22. Nxd5 Nxd5 23. Rd7 Nc3 24. Bc4 Ne4 25. Bd3 Bxf3 26. gxf3 Ng5 27. Kg2 Ne6 28. Rxd6 Rd8 29. Rc6 Nf4+ 30. Kg3 Nxd3 31. cxd3 g6 32. Rxc5 Rxd3 33. Rc4 Kg7 34. Rf4 f5 35. Ra4 Rd7 36. Rb4 g5 37. Rb5 Kg6 38. Rb6+ Kg7 39. Rb8 Rf7 40. f4 h6 41. Rb6 Ra7 42. fxg5 hxg5 43. Rb5 Kg6 44. Rb6+ Kh5 45. Rb8 Ra3+ 46. Kg2 Kg6 47. Rb6+ Kf7 48. Rb7+ 1/2-1/2

[Event "Florianopolis op 5th"]
[Site "Florianopolis"]
[Date "2019.01.25"]
[Round "7"]
[White "Madeira, Wagner Martins"]
[Black "Cardoso, Andre Felipe de Lim"]
[Result "1-0"]
[WhiteElo "2170"]
[BlackElo "1948"]
[PlyCount "61"]
[EventDate "2019.01.21"]
[EventType "swiss"]
[EventRounds "10"]
[EventCountry "BRA"]
[SourceTitle "CBM 188 Extra"]
[Source "ChessBase"]
[SourceDate "2019.02.28"]
[SourceVersion "1"]
[SourceVersionDate "2019.02.28"]
[SourceQuality "1"]

1. e4 c5 2. c3 d5 3. exd5 Qxd5 4. d4 Nf6 5. Nf3 Bg4 6. Be2 e6 7. h3 Bxf3 8. Bxf3 Qd7 9. dxc5 Qc7 10. b4 Be7 11. 0-0 Nc6 12. Na3 a6 13. Nc4 Rd8 14. Qb3 Rd3 15. Be3 Nd5 16. Bxd5 Rxd5 17. Rad1 Rxd1 18. Rxd1 0-0 19. Rd3 Bf6 20. Qd1 Bxc3 21. Rxc3 Nxb4 22. Qd6 Rc8 23. Rb3 Nd5 24. Qxc7 Rxc7 25. Bd2 f6 26. f3 e5 27. Be1 Nf4 28. Nd6 Kf8 29. Rxb7 Rxb7 30. Nxb7 Ke7 31. c6 1-0

[Event "Florianopolis op 5th"]
[Site "Florianopolis"]
[Date "2019.01.22"]
[Round "2"]
[White "Vieira, Rodrigo Chagas"]
[Black "Madeira, Wagner Martins"]
[Result "0-1"]
[WhiteElo "1892"]
[BlackElo "2170"]
[PlyCount "74"]
[EventDate "2019.01.21"]
[EventType "swiss"]
[EventRounds "10"]
[EventCountry "BRA"]
[SourceTitle "CBM 188 Extra"]
[Source "ChessBase"]
[SourceDate "2019.02.28"]
[SourceVersion "1"]
[SourceVersionDate "2019.02.28"]
[SourceQuality "1"]

1. e4 c5 2. Nf3 Nc6 3. c3 Nf6 4. Bd3 d6 5. h3 e6 6. 0-0 Be7 7. Bc2 0-0 8. d4 cxd4 9. Nxd4 Bd7 10. Nd2 a6 11. N2f3 Qc7 12. Bg5 Rac8 13. Rc1 Rfd8 14. Qd3 Ne5 15. Qd1 Be8 16. Re1 Qa5 17. Bb3 Kh8 18. Bh4 b5 19. g4 Nc4 20. Rc2 d5 21. e5 Ng8 22. g5 b4 23. Qd3 bxc3 24. bxc3 Na3 25. Rcc1 Ba4 26. Nh2 Nb5 27. Nxb5 Bxb5 28. Qf3 Rf8 29. Ng4 Ba3 30. Rc2 d4 31. Nf6 gxf6 32. gxf6 Nh6 33. Kh2 Nf5 34. Qh5 Rg8 35. Bxe6 Bc6 36. Bxf5 Rg2+ 37. Kh1 Rg5+ 0-1

[Event "Florianopolis op 5th"]
[Site "Florianopolis"]
[Date "2019.01.21"]
[Round "1"]
[White "Madeira, Wagner Martins"]
[Black "Setti, Dalmarino"]
[Result "1-0"]
[WhiteElo "2170"]
[BlackElo "1650"]
[PlyCount "73"]
[EventDate "2019.01.21"]
[EventType "swiss"]
[EventRounds "10"]
[EventCountry "BRA"]
[SourceTitle "CBM 188 Extra"]
[Source "ChessBase"]
[SourceDate "2019.02.28"]
[SourceVersion "1"]
[SourceVersionDate "2019.02.28"]
[SourceQuality "1"]

1. Nf3 d5 2. g3 Nf6 3. Bg2 e6 4. 0-0 Be7 5. d3 0-0 6. Nbd2 c5 7. e4 dxe4 8. dxe4 Nc6 9. e5 Nd7 10. Re1 Qc7 11. Qe2 b6 12. c3 Bb7 13. Nf1 Rfd8 14. h4 Nf8 15. h5 h6 16. N1h2 Qd7 17. Bf1 a5 18. Qc2 Rac8 19. Bf4 Nb8 20. Rad1 Qc7 21. Qc1 Rxd1 22. Rxd1 Rd8 23. Re1 Bc6 24. Be2 Qb7 25. Qe3 b5 26. Ng4 Nh7 27. Rd1 Rxd1+ 28. Bxd1 Be4 29. Nd2 Bc6 30. Be2 Nd7 31. Bxh6 Ndf8 32. Bxg7 Kxg7 33. Qh6+ Kg8 34. Nf6+ Bxf6 35. exf6 Nxf6 36. Qxf6 Qd7 37. h6 1-0

[Event "American Continental 14th"]
[Site "Montevideo"]
[Date "2018.06.07"]
[Round "7"]
[White "Vazquez, Guillermo"]
[Black "Madeira, Wagner Martins"]
[Result "1-0"]
[WhiteElo "2436"]
[BlackElo "2171"]
[PlyCount "81"]
[EventDate "2018.06.01"]
[EventType "swiss"]
[EventRounds "11"]
[EventCountry "URU"]
[SourceTitle "CBM 184 Extra"]
[Source "ChessBase"]
[SourceDate "2018.06.28"]
[SourceVersion "1"]
[SourceVersionDate "2018.06.28"]
[SourceQuality "1"]

1. e4 d6 2. d4 Nf6 3. Nc3 g6 4. Be3 c6 5. h3 Bg7 6. Nf3 0-0 7. Bd3 Nbd7 8. 0-0 e5 9. dxe5 dxe5 10. Qd2 Qe7 11. Ne2 Nc5 12. Qb4 Nfd7 13. a4 a5 14. Qa3 Bf6 15. Qc3 Ne6 16. Bc4 Re8 17. Bxe6 Qxe6 18. Rfd1 Be7 19. Ng5 Qf6 20. Nc1 Bb4 21. Qc4 b6 22. Nd3 Ba6 23. Qxf7+ Qxf7 24. Nxf7 Bxd3 25. Rxd3 Nc5 26. Nh6+ Kh8 27. Rd6 Rac8 28. Rdd1 Nxe4 29. Bxb6 Kg7 30. Ng4 Re7 31. Ne3 Bc5 32. Bxc5 Nxc5 33. Nc4 Nb7 34. Ra3 e4 35. Rg3 Kf6 36. Rc3 Rce8 37. Rd4 c5 38. Rd1 Rc8 39. Rb3 Rc6 40. Rxb7 Rxb7 41. Nxa5 1-0

[Event "American Continental 14th"]
[Site "Montevideo"]
[Date "2018.06.04"]
[Round "5"]
[White "Madeira, Wagner Martins"]
[Black "Nascimento, Pedro Henrique Alve"]
[Result "1/2-1/2"]
[WhiteElo "2171"]
[BlackElo "1979"]
[PlyCount "96"]
[EventDate "2018.06.01"]
[EventType "swiss"]
[EventRounds "11"]
[EventCountry "URU"]
[SourceTitle "CBM 184 Extra"]
[Source "ChessBase"]
[SourceDate "2018.06.28"]
[SourceVersion "1"]
[SourceVersionDate "2018.06.28"]
[SourceQuality "1"]

1. e4 e6 2. d4 d5 3. Nc3 Bb4 4. Nge2 dxe4 5. a3 Be7 6. Nxe4 Nd7 7. g3 Ngf6 8. Nxf6+ Nxf6 9. Bg2 c5 10. 0-0 0-0 11. dxc5 Bxc5 12. b4 Be7 13. Bf4 Nd5 14. c4 Nxf4 15. Nxf4 Qc7 16. Qb3 Bd7 17. Nd3 Bf6 18. Rac1 Bc6 19. b5 Bxg2 20. Kxg2 b6 21. Nb4 Be7 22. Nc6 Bc5 23. Rcd1 a6 24. a4 axb5 25. cxb5 Rae8 26. f4 f6 27. Rfe1 Qf7 28. Re2 g5 29. Qc4 gxf4 30. Qxf4 e5 31. Qg4+ Qg6 32. Qxg6+ hxg6 33. Rd5 Kf7 34. a5 Ke6 35. Red2 Bd4 36. R5xd4 exd4 37. Nxd4+ Kd5 38. axb6 Kc5 39. b7 Kb6 40. Nf3 Kxb7 41. g4 Kb6 42. g5 fxg5 43. Nxg5 Kxb5 44. Rd6 Kc5 45. Rxg6 Rg8 46. Rxg8 Rxg8 47. h4 Rh8 48. Kg3 Rxh4 1/2-1/2